| Tag |
First Indicator |
Second Indicator |
Subfields |
| LEADER |
00000cam a2200000 a 4500 |
| 001 |
in00001069096 |
| 005 |
20150929103253.0 |
| 008 |
920319s1988 dcu d f000 0 eng d |
| 010 |
|
|
|a (DG92065229
|
| 035 |
|
|
|a (OCoLC)25497182
|
| 035 |
|
|
|9 AFP6009AM
|
| 037 |
|
|
|a GAZGNSUPPRC
|b DMA
|
| 040 |
|
|
|a GPO
|c GPO
|d DLC
|d UtOrBLW
|
| 043 |
|
|
|a a-cc---
|
| 074 |
|
|
|a 617 (MF)
|
| 086 |
0 |
|
|a D 5.319:C 44/supp.
|
| 245 |
0 |
0 |
|a Supplement to the Gazetteer of the People's Republic of China :
|b Pinyin to Wade-Giles, Wade-Giles to Pinyin.
|
| 264 |
|
1 |
|a Washington, D.C. :
|b Defense Mapping Agency,
|c [1988]
|
| 300 |
|
|
|a vii, 315 pages ;
|c 28 cm.
|
| 336 |
|
|
|a text
|b txt
|2 rdacontent
|
| 337 |
|
|
|a unmediated
|b n
|2 rdamedia
|
| 338 |
|
|
|a volume
|b nc
|2 rdacarrier
|
| 500 |
|
|
|a "Names approved by the United States Board on Geographic Names"--Cover.
|
| 500 |
|
|
|a Distributed to depository libraries in microfiche.
|
| 500 |
|
|
|a "February 1988."
|
| 651 |
|
0 |
|a China
|x Gazetteers.
|
| 650 |
|
0 |
|a Names, Geographical
|z China.
|
| 710 |
1 |
|
|a United States.
|b Defense Mapping Agency.
|
| 710 |
2 |
|
|a United States Board on Geographic Names.
|
| 740 |
0 |
|
|a Gazetteer of the People's Republic of China.
|
| 999 |
|
|
|a MARS
|
| 999 |
f |
f |
|s 27ad4ec4-e414-3a8a-8bf1-51035a334e01
|i ff8c6f5f-cfa0-399c-a111-c1e856130996
|t 0
|
| 952 |
f |
f |
|p noncirc
|a Texas A&M University
|b College Station
|c Sterling C. Evans Library
|d Evans: Maps Fiche (2nd floor)
|t 0
|e D 5.319: C 44/supp.
|h Superintendent of Documents classification
|i unmediated -- volume
|m A14824682033
|
| 998 |
f |
f |
|a D 5.319: C 44/supp.
|t 0
|l Evans: Maps Fiche (2nd floor)
|